[Event "XVI Cto Aragón Veteranos 2017 Grupo A"]
[Site ""]
[Date "2017.05.27"]
[Round "6"]
[White "Requena Briones Rafael Mariano"]
[Black "Sanchez Valles Jose Maria"]
[Result "0-1"]
[WhiteElo "1574"]
[BlackElo "1768"]

1.e4 c5 2.Bc4 a6 3.a4 d6 4.Nf3 Nc6 5.O-O Nf6 6.Nc3 e6 7.d4 cxd4 8.Nxd4 Be7 9.
Be3 O-O 10.Nxc6 bxc6 11.Qe2 Nd7 12.f4 d5 13.Bd3 Nc5 14.exd5 exd5 15.Bd4 Nxd3
16.Qxd3 Bb7 17.Qg3 Bf6 18.Bc5 Re8 19.Rad1 Qc7 20.Bd4 Bxd4+ 21.Rxd4 Re6 22.Qf3
Rae8 23.f5 Re3 24.Qg4 f6 25.Rd2 Qb6 26.Kh1 Qxb2 27.Nd1 Re1 28.Kg1 Qb6+ 29.Qd4
c5 30.Qb2 Qc6 31.c4 d4 32.Rf2 h6 33.a5 Kh7 34.Qd2 R1e7 35.Nb2 Re3 36.Nd3 Qc7
37.Nf4 Bc8 38.Nd5 Qe5 39.Rf4 Re2 40.Qd3 Bb7 41.Qg3 Bxd5 42.Qg6+ Kh8 43.cxd5
Qxd5 44.Rg4 R8e7 45.Rb1 Rb7 46.Rxb7 Qxb7 47.h4 Qe7 48.Kh2 d3 49.Rg3 c4 50.Qg4
d2 51.Qxc4 d1=Q 52.Qc8+ Qdd8 0-1

[Event "XVI Cto Aragón Veteranos 2017 Grupo A"]
[Site ""]
[Date "2017.05.27"]
[Round "6"]
[White "Santos Hernandez Higinio"]
[Black "Samper Alarcon Julio Alfredo"]
[Result "1/2-1/2"]
[WhiteElo "1613"]
[BlackElo "1604"]

1.d4 Nf6 2.c4 e5 3.dxe5 Ng4 4.Nf3 Nc6 5.e4 Bc5 6.Be3 Bxe3 7.fxe3 Nxe3 8.Qd2
Ng4 9.Nc3 Ngxe5 10.O-O-O O-O 11.h3 a6 12.Qd5 Qe7 13.Qd2 d6 14.Nd5 Qd8 15.Qf4
Ng6 16.Qd2 Nce5 17.Be2 Be6 18.b3 Qd7 19.Rhf1 a5 20.a4 Bxd5 21.Nxe5 dxe5 22.
Qxd5 Qe7 23.Qd7 Qa3+ 24.Kb1 Qxb3+ 25.Ka1 Qc3+ 26.Kb1 Qb3+ 27.Ka1 Qa3+ 1/2-1/2

[Event "XVI Cto Aragón Veteranos 2017 Grupo A"]
[Site ""]
[Date "2017.05.27"]
[Round "6"]
[White "Requeno Otin Juan Jose"]
[Black "Latorre Bueno Francisco"]
[Result "0-1"]
[WhiteElo "1480"]
[BlackElo "1541"]

1.d4 d5 2.Nf3 Nf6 3.Bf4 Nc6 4.h3 Bf5 5.a3 e6 6.e3 h6 7.c4 Bd6 8.Bh2 Bxh2 9.
Nxh2 O-O 10.cxd5 exd5 11.Bd3 Qd7 12.O-O a6 13.Nc3 Na5 14.Bxf5 Qxf5 15.b4 Nc4
16.Nf3 c6 17.Na4 Nd7 18.Nc5 b6 19.Qd3 Qxd3 20.Nxd3 a5 21.bxa5 Rxa5 22.a4 Rfa8
23.Nb4 Nb8 24.Ne5 Nxe5 25.dxe5 Rxa4 26.Rxa4 Rxa4 27.Rb1 b5 28.Nc2 Kf8 29.Nd4
Rc4 30.g4 g6 31.Kg2 Ke7 32.f4 Nd7 33.Kf3 b4 34.Nb3 f6 35.exf6+ Nxf6 36.Na5 Rc5
37.Nb3 Rb5 38.Nd4 Rb6 39.h4 c5 40.Nb3 c4 41.Nd4 Ne4 42.f5 g5 43.hxg5 hxg5 44.
Nc2 Nd2+ 0-1

[Event "XVI Cto Aragón Veteranos 2017 Grupo A"]
[Site ""]
[Date "2017.06.03"]
[Round "7"]
[White "Roche Simon Manuel Angel"]
[Black "Aviol Perez Jose Mariano"]
[Result "1-0"]
[WhiteElo "2170"]
[BlackElo "1819"]

1.e4 d6 2.d4 Nf6 3.Nc3 g6 4.Be3 c6 5.Qd2 Nbd7 6.Nf3 Bg7 7.Bh6 Bxh6 8.Qxh6 Qa5
9.O-O-O b5 10.e5 b4 11.exf6 bxc3 12.Qg7 Rf8 13.fxe7 Kxe7 14.Bc4 Kd8 15.Bb3 Rb8
16.Kb1 Ba6 17.Rhe1 Kc7 18.Re7 Bc4 19.h4 Bxb3 20.axb3 Rb6 21.Ne5 Rd8 22.Nxd7
Rxd7 23.Rxd7+ Kxd7 24.Qxf7+ Kc8 25.Re1 1-0

[Event "XVI Cto Aragon Veteranos 2017 Grupo A"]
[Site ""]
[Date "2017.06.03"]
[Round "7"]
[White "Gines Abad Pedro"]
[Black "Franco Ibanez Carlos"]
[Result "1-0"]
[WhiteElo "1972"]
[BlackElo "2028"]

1.Nf3 g6 2.c4 Bg7 3.e4 c5 4.d4 Nc6 5.d5 Nd4 6.Nc3 d6 7.h3 Nxf3+ 8.Qxf3 Nf6 9.
Bd3 O-O 10.O-O Nd7 11.Qe2 e6 12.Be3 Ne5 13.Bc2 exd5 14.Nxd5 Be6 15.Rad1 Nc6
16.Ba4 Nd4 17.Qd2 Bxd5 18.exd5 a6 19.b4 b6 20.Rfe1 Rb8 21.bxc5 bxc5 22.Rb1 Qc7
23.Bg5 f6 24.Be3 f5 25.Bg5 Bf6 26.Rxb8 Qxb8 27.Bxf6 1-0

[Event "XVI Cto Aragón Veteranos 2017 Grupo A"]
[Site ""]
[Date "2017.06.03"]
[Round "7"]
[White "Carrasquer Muñoz Alberto"]
[Black "Minguez Guinda Andres"]
[Result "1/2-1/2"]
[WhiteElo "1782"]
[BlackElo "1860"]

1.e4 c5 2.Nf3 Nc6 3.Bb5 g6 4.O-O Bg7 5.c3 e5 6.Re1 Nge7 7.Na3 O-O 8.Nc2 a6 9.
Bf1 d5 10.exd5 Nxd5 11.d4 cxd4 12.cxd4 exd4 13.Nfxd4 Nxd4 14.Nxd4 Qf6 15.Nb3
Nb4 16.a3 1/2-1/2

[Event "XVI Cto Aragón Veteranos 2017 Grupo A"]
[Site ""]
[Date "2017.06.03"]
[Round "7"]
[White "Millan Martin Alfonso"]
[Black "Palomar Ramon Santiago"]
[Result "1/2-1/2"]
[WhiteElo "1870"]
[BlackElo "1944"]

1.Nf3 d5 2.d4 Nf6 3.c3 Nc6 4.Bf4 Bf5 5.e3 e6 6.Bb5 Bd6 7.Ne5 O-O 8.Bxc6 bxc6
9.Nxc6 Qd7 10.Ne5 Qb5 11.Qe2 Rfb8 12.Qxb5 Rxb5 13.b3 Nh5 14.Bg3 f6 15.Nf3 Nxg3
16.hxg3 g5 17.Ke2 Kg7 18.Nbd2 Ba3 19.c4 Ra5 20.c5 Rb8 1/2-1/2

[Event "XVI Cto Aragón Veteranos 2017 Grupo A"]
[Site ""]
[Date "2017.06.03"]
[Round "7"]
[White "Gascon Cabello Jorge"]
[Black "Garcia Estruch Jorge"]
[Result "0-1"]
[WhiteElo "1717"]
[BlackElo "1820"]

1.d4 Nf6 2.Bf4 d6 3.e3 g6 4.Nf3 Bg7 5.Be2 O-O 6.h3 Nbd7 7.O-O c5 8.c3 a6 9.a4
b6 10.Nbd2 Bb7 11.Qb1 e5 12.Bh2 Qe7 13.Nc4 cxd4 14.cxd4 Ne4 15.Rd1 d5 16.Ncxe5
Nxe5 17.Nxe5 Qh4 18.g3 Qxh3 19.Bg4 Qh6 20.Rc1 Nxf2 21.Kxf2 Qxh2+ 22.Kf3 f5 23.
Bh3 Bxe5 24.dxe5 Qxh3 25.Rc7 Qg4+ 26.Kf2 Rab8 27.Qh1 h5 28.e6 f4 29.exf4 Rxf4+
30.gxf4 Qxf4+ 31.Qf3 Qxc7 32.Rd1 Qc2+ 33.Kf1 Rf8 0-1

[Event "XVI Cto Aragón Veteranos 2017 Grupo A"]
[Site ""]
[Date "2017.06.03"]
[Round "7"]
[White "Latorre Bueno Francisco"]
[Black "Ocabo Vera Pedro Aristides"]
[Result "0-1"]
[WhiteElo "1541"]
[BlackElo "1784"]

1.d4 g6 2.Nf3 Bg7 3.e3 b6 4.c4 Bb7 5.Be2 d6 6.O-O Nd7 7.Nc3 Ngf6 8.b3 O-O 9.
Bb2 Ne4 10.Rc1 e5 11.Qc2 Nxc3 12.Bxc3 e4 13.Nd2 f5 14.f4 exf3 15.Bxf3 Bxf3 16.
Rxf3 Nf6 17.e4 Ng4 18.h3 Nh6 19.Rcf1 Qg5 20.Qd3 Rae8 21.e5 dxe5 22.dxe5 Rd8
23.Qe2 Rfe8 24.Rf4 Qe7 25.R4f2 Nf7 26.Nf3 Qc5 27.Qb2 Nxe5 28.Nxe5 Bxe5 29.Bxe5
Rxe5 30.Kh1 Rde8 31.Rd2 Qc6 32.Rfd1 Qf6 33.Rg1 g5 34.Re2 Qd6 35.Rd2 Qe6 36.
Rdd1 f4 37.Qd2 f3 38.Qd7 Qxd7 39.Rxd7 f2 40.Rf1 Re1 41.Rd1 Rxf1+ 0-1

[Event "XVI Cto Aragón Veteranos 2017 Grupo A"]
[Site ""]
[Date "2017.06.03"]
[Round "7"]
[White "Navarro Castan Jesus"]
[Black "Hernandez Calvera Hernan Angel"]
[Result "1-0"]
[WhiteElo "1783"]
[BlackElo "1524"]

1.e4 e5 2.d4 exd4 3.Qxd4 Nc6 4.Qe3 d6 5.Nc3 Nf6 6.h3 Be7 7.f4 Be6 8.f5 Bd7 9.
Bc4 Ne5 10.Be2 Bc6 11.Bd2 Qd7 12.Nf3 a6 13.Nd4 b5 14.Nxc6 Qxc6 15.a3 Nfd7 16.
Nd5 Bh4+ 17.g3 Bd8 18.Bc3 h6 19.O-O Qb7 20.Rad1 O-O 21.f6 Bxf6 22.Rxf6 Nxf6
23.Nxf6+ gxf6 24.Rf1 Kg7 25.Qf4 Qa7+ 26.Kh2 c6 27.Qxf6+ Kh7 28.Qxd6 Qe3 29.Bh5
Rg8 30.Qxe5 Raf8 31.Qf5+ Rg6 32.Bxg6+ 1-0

[Event "XVI Cto Aragón Veteranos 2017 Grupo A"]
[Site ""]
[Date "2017.06.03"]
[Round "7"]
[White "Fernandez Sierra Pedro Jose"]
[Black "Santos Hernandez Higinio"]
[Result "1-0"]
[WhiteElo "1633"]
[BlackElo "1613"]

1.e4 c5 2.Nf3 d6 3.d4 cxd4 4.Nxd4 Nf6 5.Nc3 a6 6.f3 e6 7.Be3 Qc7 8.Qd2 Be7 9.
O-O-O O-O 10.g4 b5 11.g5 Nfd7 12.h4 Bb7 13.h5 b4 14.Na4 d5 15.g6 Nc5 16.gxh7+
Kh8 17.Nxc5 Bxc5 18.h6 g6 19.Nb3 Bxe3 20.Qxe3 Nd7 21.Bd3 Rac8 22.Kb1 Kxh7 23.
Qd4 e5 24.Qxb4 dxe4 25.Bxe4 Bxe4 26.Qxe4 f5 27.Qe2 Rf6 28.Qd3 Rf7 29.Rd2 Nb6
30.Qxa6 Nc4 31.Rg2 Rg8 32.Rhg1 Nd6 33.c4 Rf6 34.c5 Ne4 35.Qc4 Nd6 36.Qc2 Ne8
37.Rd2 Qc6 38.Rgd1 Kxh6 39.Rd7 Qxf3 40.Qh2+ Qh5 41.Qxe5 Rf7 42.R7d2 Nf6 43.Rh2
Qxh2 44.Qxh2+ Kg7 45.c6 Rh8 46.Qe5 Re8 47.Qc3 Rc7 48.Rd7+ Rxd7 49.cxd7 Rd8 50.
Nc5 Kf7 51.Qc4+ Kf8 52.Ne6+ Ke7 53.Nxd8 Kxd8 54.Qc8+ 1-0

[Event "XVI Cto Aragón Veteranos 2017 Grupo A"]
[Site ""]
[Date "2017.06.03"]
[Round "7"]
[White "Celma Pueyo Ramon"]
[Black "Requena Briones Rafael Mariano"]
[Result "1/2-1/2"]
[WhiteElo "1553"]
[BlackElo "1574"]

1.Nf3 Nf6 2.d4 d5 3.c4 g6 4.Nc3 Bg7 5.cxd5 Nxd5 6.e4 Nxc3 7.bxc3 c5 8.Bb5+ Bd7
9.Bxd7+ Nxd7 10.O-O O-O 11.Be3 Qa5 12.Qc2 Rac8 13.Qb3 b6 14.Bd2 c4 15.Qc2 Nf6
16.Ne5 Rfd8 17.a4 Nd7 18.Nf3 Rc6 19.Rab1 e6 20.Rb5 Qa6 21.Be3 Rd6 22.Qa2 Qc8
23.Rb4 Rc6 24.Nd2 a6 25.Rxc4 b5 26.Rxc6 Qxc6 27.axb5 axb5 28.Qb3 Nf6 29.f3 Rc8
30.Rc1 Ne8 31.e5 Nc7 32.Ne4 Nd5 33.Bd2 Nb6 34.Nd6 Rb8 35.Rb1 Nd5 36.c4 Nb6 37.
cxb5 Qd7 38.Rc1 Nd5 39.Qc4 Qa7 40.f4 Qa3 41.Re1 Qb2 42.Bc1 Qa1 43.Kf1 Qa5 44.
Bd2 Qxd2 45.Qe2 Qxf4+ 46.Qf2 Qxf2+ 47.Kxf2 Ra8 48.Rc1 Ra2+ 49.Ke1 Ra4 50.Rc8+
Bf8 51.Nc4 Kg7 52.b6 Rb4 53.Rc6 Rb1+ 54.Kd2 Rb4 1/2-1/2

[Event "XVI Cto Aragón Veteranos 2017 Grupo A"]
[Site ""]
[Date "2017.06.03"]
[Round "7"]
[White "Garrido Busto Francisco"]
[Black "Garcia Estruch Mauricio"]
[Result "0-1"]
[WhiteElo "1658"]
[BlackElo "1367"]

1.e4 c6 2.d4 d5 3.Nc3 dxe4 4.Nxe4 Bf5 5.Ng3 Bg6 6.Nf3 Nd7 7.Bd3 Bxd3 8.Qxd3
Ngf6 9.Bf4 Qa5+ 10.c3 e6 11.O-O Be7 12.Rfe1 O-O 13.Qc2 Rac8 14.b4 Qd8 15.Ne4
Nxe4 16.Qxe4 Nf6 17.Qc2 Nd5 18.Bd2 b6 19.Qb3 c5 20.dxc5 bxc5 21.c4 Nxb4 22.
Rad1 Qc7 23.g3 Rfd8 24.Bf4 Qa5 25.a3 Nc6 26.Bd2 Qa6 27.Bc3 Rb8 28.Qa2 Qa4 29.
Qa1 Bf8 30.Rxd8 Rxd8 31.Qa2 Rd3 32.Bb2 Rxf3 0-1

[Event "XVI Cto Aragón Veteranos 2017 Grupo A"]
[Site ""]
[Date "2017.06.10"]
[Round "8"]
[White "Gines Abad Pedro"]
[Black "Roche Simon Manuel Angel"]
[Result "1/2-1/2"]
[WhiteElo "1972"]
[BlackElo "2170"]

1.d4 d5 2.Nf3 c5 3.dxc5 Nf6 4.e3 e6 5.c4 Bxc5 6.a3 a5 7.Nc3 Nc6 8.Be2 O-O 9.
O-O Ne4 10.Nxe4 dxe4 11.Qxd8 Rxd8 12.Nd2 f5 13.Rd1 a4 14.b4 axb3 15.Nxb3 Rxd1+
16.Bxd1 Be7 17.Bb2 Kf7 18.f4 Na5 19.Nxa5 Rxa5 20.a4 Bf6 21.Bxf6 Kxf6 22.Kf2
Ra6 23.c5 Rc6 24.Rc1 b6 25.Be2 Rxc5 26.Rxc5 bxc5 27.a5 Bb7 28.a6 Ba8 29.Ke1 e5
30.g3 exf4 31.exf4 Bd5 32.Kd2 Ke7 33.a7 Kd6 34.Ke3 h6 35.h4 Ba8 36.Bc4 Ke7 37.
Kd2 Kd6 38.Bg8 Kc7 39.Bh7 Kb6 40.Bxf5 Kxa7 41.Ke3 Kb6 42.Bxe4 Bxe4 43.Kxe4 h5
44.g4 hxg4 45.f5 g3 46.Kf3 c4 47.f6 gxf6 48.h5 g2 49.Kxg2 c3 50.h6 c2 51.h7
c1=Q 52.h8=Q Qg5+ 53.Kf3 Qf5+ 54.Ke3 Qe5+ 55.Kf3 Qc3+ 56.Ke2 Qc2+ 57.Ke3 Qc1+
58.Kf3 Qf1+ 59.Ke3 Qe1+ 60.Kf3 Qc3+ 61.Ke2 Kc7 62.Qh7+ Kd6 63.Qh2+ Ke6 64.Qh8
Qg3 65.Qe8+ Kf5 66.Qd7+ Kg6 67.Qe8+ Kg5 68.Qg8+ Kf4 69.Qb8+ Kg4 70.Qg8+ Kh3
71.Qh8+ Qh4 72.Qxh4+ Kxh4 73.Kf3 Kg5 74.Kg3 Kf5 75.Kf3 Ke5 76.Ke3 f5 77.Kf3 f4
78.Kf2 Ke4 79.Ke2 f3+ 80.Kf1 Kf4 81.Kf2 Kg4 82.Kf1 1/2-1/2

[Event "XVI Cto Aragón Veteranos 2017 Grupo A"]
[Site ""]
[Date "2017.06.10"]
[Round "8"]
[White "Carrasquer Muñoz Alberto"]
[Black "Aviol Perez Jose Mariano"]
[Result "0-1"]
[WhiteElo "1782"]
[BlackElo "1819"]

1.e4 d6 2.d4 Nf6 3.Nc3 g6 4.Bc4 Bg7 5.Nf3 O-O 6.Qe2 Nc6 7.Bf4 Nxd4 8.Nxd4 e5
9.Bxe5 dxe5 10.Nf3 Qe7 11.O-O-O c6 12.Qd3 b5 13.Bb3 a5 14.a4 b4 15.Nb1 Be6 16.
Bc4 Rfd8 17.Qe2 Bh6+ 18.Nbd2 Bxc4 19.Qxc4 Nd7 20.Qxc6 Rac8 21.Qb5 Rc5 22.Qe2
Rdc8 23.Ne1 Rxc2+ 24.Nxc2 b3 25.Qd3 Rxc2+ 26.Kb1 Nc5 27.Qb5 Bxd2 28.f3 Qd8 29.
Qe2 Qd4 0-1

[Event "XVI Cto Aragón Veteranos 2017 Grupo A"]
[Site ""]
[Date "2017.06.10"]
[Round "8"]
[White "Minguez Guinda Andres"]
[Black "Garcia Estruch Jorge"]
[Result "1-0"]
[WhiteElo "1860"]
[BlackElo "1820"]

1.e4 e5 2.Nf3 Nc6 3.d4 exd4 4.Bc4 Be7 5.O-O d6 6.Nxd4 Nf6 7.Bb5 Bd7 8.Bxc6
bxc6 9.Nc3 O-O 10.f4 d5 11.e5 Ne4 12.Nxe4 dxe4 13.Nb3 f5 14.Be3 Be6 15.Qe2 Qe8
16.Rfd1 Qf7 17.Qa6 g5 18.Qxc6 gxf4 19.Bxf4 Rad8 20.Nd4 Bd5 21.Qh6 Qg6 22.Nb3
Rfe8 23.Qh3 Bc4 24.Qc3 Be2 25.Rd2 Rxd2 26.Qxd2 Bc4 27.Qc3 Bd5 28.Rd1 c6 29.Qe3
Qh5 30.Rd2 Kf7 31.Qxa7 Qg4 32.Qe3 Rg8 33.Nd4 Bc5 34.c3 Bb6 35.b4 Ra8 36.Qf2
Ra3 37.Be3 Kg6 38.h3 1-0

[Event "XVI Cto Aragón Veteranos 2017 Grupo A"]
[Site ""]
[Date "2017.06.10"]
[Round "8"]
[White "Palomar Ramon Santiago"]
[Black "Sanchez Valles Jose Maria"]
[Result "0-1"]
[WhiteElo "1944"]
[BlackElo "1768"]

1.e4 d5 2.exd5 Nf6 3.c4 c6 4.Nc3 g6 5.Nf3 Bg7 6.dxc6 Nxc6 7.d4 O-O 8.Be3 Bf5
9.Be2 Ng4 10.O-O e5 11.Bg5 f6 12.d5 Ne7 13.Bd2 g5 14.b4 h5 15.Ne1 e4 16.h3 Ne5
17.Qb3 Qd7 18.Nb5 g4 19.h4 Bg6 20.Bf4 Nf5 21.Bxe5 fxe5 22.g3 a6 23.Nc3 e3 24.
Ne4 exf2+ 25.Rxf2 Nd4 26.Qe3 Rxf2 27.Kxf2 Qf5+ 28.Bf3 gxf3 29.Ng5 Nc2 30.Nxc2
Qxc2+ 31.Ke1 e4 32.Rc1 Bc3+ 0-1

[Event "XVI Cto Aragón Veteranos 2017 Grupo A"]
[Site ""]
[Date "2017.06.10"]
[Round "8"]
[White "Ocabo Vera Pedro Aristides"]
[Black "Fernandez Sierra Pedro Jose"]
[Result "1-0"]
[WhiteElo "1784"]
[BlackElo "1633"]

1.d4 Nf6 2.Bf4 c5 3.e3 e6 4.c3 d5 5.Bd3 Nc6 6.Nf3 Bd6 7.Bg5 h6 8.Bh4 O-O 9.
Nbd2 cxd4 10.exd4 Re8 11.O-O e5 12.dxe5 Nxe5 13.Bc2 Bg4 14.h3 Be6 15.Nd4 Ned7
16.Re1 Qb6 17.Rb1 Rac8 18.Nf1 Bc5 19.Nb3 Bd6 20.Ng3 g5 21.Qd3 gxh4 22.Nf5 Bxf5
23.Qxf5 Bg3 24.Nd4 Be5 25.Nf3 Bg3 26.Nd4 Be5 27.Red1 Bxd4 28.Rxd4 Re4 29.Bxe4
dxe4 30.Rxd7 Nxd7 31.Qxd7 Rxc3 32.Qe8+ Kh7 33.Qxe4+ 1-0

[Event "XVI Cto Aragón Veteranos 2017 Grupo A"]
[Site ""]
[Date "2017.06.10"]
[Round "8"]
[White "Garcia Estruch Mauricio"]
[Black "Gaston Cabello Jorge"]
[Result "0-1"]
[WhiteElo "1367"]
[BlackElo "1717"]

1.Nf3 d5 2.c4 c6 3.cxd5 cxd5 4.d4 g6 5.Nc3 Nc6 6.Bf4 Bg7 7.h3 Nf6 8.e3 a6 9.
Bd3 O-O 10.O-O Nb4 11.Be2 Bf5 12.Rc1 Rc8 13.a3 Nc6 14.Bd3 Ne4 15.Ng5 e5 16.
Bxe4 exf4 17.exf4 dxe4 18.Ngxe4 Qxd4 19.Qf3 Bxe4 20.Nxe4 Rfe8 21.Nc3 Bh6 22.g3
Qd7 23.Kh2 Re6 24.Rcd1 Qe8 25.Nd5 Bg7 26.Qb3 b5 27.Ne3 Rd8 28.Rxd8 Qxd8 29.Rd1
Rd6 30.Rxd6 Qxd6 31.Qc2 Ne7 32.Kg2 Qc6+ 33.Qxc6 Nxc6 34.b3 f5 35.Nd1 Na5 36.a4
b4 37.Ne3 Nxb3 38.Nc2 Bc3 39.Kf3 Nd4+ 40.Nxd4 Bxd4 0-1

[Event "XVI Cto Aragón Veteranos 2017 Grupo A"]
[Site ""]
[Date "2017.06.10"]
[Round "8"]
[White "Hernandez Calvera Hernan Angel"]
[Black "Celma Pueyo Ramon"]
[Result "1-0"]
[WhiteElo "1524"]
[BlackElo "1553"]

1.e4 e5 2.Nf3 Nc6 3.Bb5 d6 4.O-O Bd7 5.c3 Nf6 6.Re1 Be7 7.d4 exd4 8.cxd4 O-O
9.Nc3 a6 10.Ba4 Bg4 11.Kh1 Bxf3 12.gxf3 Nd7 13.f4 Bh4 14.Be3 Nf6 15.Rg1 Kh8
16.a3 Qe7 17.e5 dxe5 18.fxe5 Ne8 19.Qg4 f5 20.exf6 Bxf6 21.Bc2 g6 22.Rg3 Bg7
23.Rh3 Nf6 24.Qxg6 Kg8 25.Bb3+ Kh8 26.Rg1 Rad8 27.Rg4 Bh6 28.Rxh6 Nxg4 29.Qxg4
Qg7 30.Qxg7+ Kxg7 31.Bc2 Nxd4 32.Rxh7+ Kf6 33.Be4 Rg8 34.h4 Nf5 35.Bg5+ Rxg5
36.hxg5+ Kxg5 37.Bxf5 Kxf5 38.Rxc7 b5 39.Kg2 Rd2 40.Rc6 Rxb2 41.Rxa6 b4 42.
axb4 Rxb4 43.Nd5 Rd4 44.Ra5 Ke6 45.Ne3 Rd3 46.Kf3 Rd2 47.Ng4 Rd4 48.Re5+ Kd6
49.Re4 Rd5 50.Kf4 Rd2 51.Kg5 Rd5+ 52.Kg6 Rd2 53.f4 1-0